logo

Bir Sreshtho Munshi Abdur Rouf Library
Jhenaidah Cadet College

English literature : (Record no. 7316)

MARC details
000 -LEADER
fixed length control field 00879nam a2200277 a 4500
001 - CONTROL NUMBER
JCCL Control Number 7316
003 - CONTROL NUMBER IDENTIFIER
JCCL marc code BD - Jhcc
005 - DATE AND TIME OF LATEST TRANSACTION
control field 20180325124400.0
008 - FIXED-LENGTH DATA ELEMENTS--GENERAL INFORMATION
fixed length control field 880622s1989 enk b 001 0 eng d
020 ## - INTERNATIONAL STANDARD BOOK NUMBER
International Standard Book Number 0198122179
035 ## - SYSTEM CONTROL NUMBER
system control number (BD - Jhcc)7316
040 ## - CATALOGING SOURCE
Original cataloging agency UkOxU
Transcribing agency UkOxU
Modifying agency BD-JhCC
041 ## - LANGUAGE CODE
Language code of Book eng
050 #0 - LIBRARY OF CONGRESS CALL NUMBER
Classification number PR451
050 00 - LIBRARY OF CONGRESS CALL NUMBER
Classification number PR461
Item number .T87 1989
082 0# - DEWEY DECIMAL CLASSIFICATION NUMBER
Classification number 820.9/007
DDC Edition number 19
Author mark and Year TUR 2005
100 1# - MAIN ENTRY--PERSONAL NAME
Personal name Long, William J.
245 10 - TITLE STATEMENT
Title English literature :
Remainder of title its history and its significance for the life of the English Speaking world/
Statement of responsibility, etc William J. Long
260 ## - PUBLICATION, DISTRIBUTION, ETC. (IMPRINT)
Place of publication, distribution, etc Oxford :
Name of publisher, distributor, etc Clarendon Press,
Date of publication, distribution, etc 1989.
300 ## - PHYSICAL DESCRIPTION
Pagination x, 522 p. ;
Dimensions 23 cm.
490 1# - SERIES STATEMENT
Series statement Oxford history of English literature ;
Volume number/sequential designation v. 11, pt. 2
504 ## - BIBLIOGRAPHY, ETC. NOTE
Bibliography, etc Includes bibliography and index.
650 #0 - SUBJECT ADDED ENTRY--TOPICAL TERM
Topical term or geographic name as entry element English literature
Chronological subdivision 19th century
General subdivision History and criticism.
942 ## - ADDED ENTRY ELEMENTS (KOHA)
Source of classification or shelving scheme Dewey Decimal Classification
Koha item type Books
Holdings
Source of classification or shelving scheme Damaged status Not for loan Home library Current library Shelving location Date of accession Total Checkouts Full call number Barcode Date last seen Date checked out Copy number Koha item type
Dewey Decimal Classification     JCC Rouf Library JCC Rouf Library General Stacks 01/31/2024 1 820.9/007 TUR 2005 9945 02/05/2024 01/31/2024 C - 1 Books

JCC Library | Contacts | JCC Home

Last Update on 23 September 2017
Copyright @ 2017-2020 JCC Rouf Library
Rouf Library, Jhenidah Cadet College (JCC), Bangladesh